| 000 | 00423cam a2200181ua 4500 | ||
|---|---|---|---|
| 020 | _c7.00 | ||
| 041 |
_ahin _h |
||
| 082 |
_a891.54 _bVAL/SH |
||
| 100 | _aValmiki, . | ||
| 245 |
_aShrimadyalmikiya Ramayan vol-3 / _cValmiki. _hTextual Documents |
||
| 250 |
_a1 / _b. |
||
| 260 |
_a : _bRajpal and Sanch , _c1953. |
||
| 300 | _a581 ; . | ||
| 365 | _a7.00 | ||
| 504 | _a | ||
| 942 | _cBK | ||
| 999 |
_c8472 _d8472 |
||